000 00391nam a2200157Ia 4500
008 230917s9999||||xx |||||||||||||| ||und||
040 _e80717
_aMAIN
041 _aEnglish
082 _a346.03 S92L
100 _aShukla, M N
245 0 _alaw of torts: English and Indian
250 _a9th ed.
260 _aAllahabad
_bCentral Law Agency
_c1980
300 _aviii, 276 p.
942 _cBK
999 _c203872
_d203872